1779 1070 1209 1237 1319 1308 1584 1290 1642 1721 1766 1792 1625 1139 1049 1851 1862 1302 1196 1005 1961 1201 1646 1821 1760 1670 1969 1316 1000 1452 1572 1880 1225 1505 1722 1937 1825 1227 1630 1759 1589 1916 1889 1150 1687 1939 1906 1693 2000 1552 1709 1404 1627 1004 1680 1646 1190 1827 1794 1968 1579 1740 1724 1616 1631 1445 1657 1874 1481 1539 1640 1430 1747 1909 1232 1020 1783 1296 1192 1230 1080 1162 1524 1020 1914 1165 1745 1385 1852 1031 1170 1897 1812 1459 1105 1828 1363 1924 1026 BCNSPRNW ULIB Ver.6.0+V

เปลี่ยนเป็นภาษาไทย

Change to English
 แสดงรายละเอียดบรรณานุกรม
  กลับหน้าหลัก

Brief Record : Get Marc (ISO 2709) : E-mail record : QR code < ปิดหน้าต่าง
LEADER : 00000nam 2200000uu 4500
001    13399113803
003     ULIB
008    110627s||||||||th 000 0 tha d
020    9786167081571
090    นว.^bอ332ต มปป.
100 0  อรพรรณ
245 00 ตำนานรักบัลลังค์ไอยคุปต์/^cอรพรรณ
250    พิมพ์ครั้งที่ 1
260    กรุงเทพฯ :^bกรีนมายด์,^cมปป.
300    298 หน้า
710 1  กรีนมายด์
945    ^p229^l0^i028042
995    ทศพร
999 ^a ใช้งานได้ทุกระบบ
รายการนี้ยังไม่มีแท็ก
คุณยังไม่ได้ล็อกอิน คุณสามารถมีกิจกรรมร่วมกับเว็บไซต์ได้ แต่ต้องล็อกอินก่อน ::
  ล็อกอิน

รายการสื่อสารสนเทศ

ลำดับที่ ประเภท เลขเรียก/บาร์โค้ด สถานที่ สถานะ
1. นวนิยาย
นวนิยาย
นว. อ332ต มปป. ฉ.1 
  Barcode: 028042
ห้องสมุดวิทยาเขตสวรรค์ประชารักษ์
►นวนิยาย
บนชั้น
  ขอยืม

รายการใกล้เคียง
    ผู้แต่ง [อรพรรณ]

BibComment


ยังไม่เคยถูกคอมเมนท์

คอมเมนท์ทรัพยากรรายการนี้
  คอมเมนท์: ตำนานรักบัลลังค์ไ..


 Copyright 2026. Bcnsprnw @Library